Vizesiz Avrupa'ya giden yol (Record no. 9035)

MARC details
000 -BAŞLIK
Sabit Uzunlukta Kontrol Alanı 00980na a2200265 4500
001 - KONTROL NUMARASI
Denetim Alanı 23191
003 - KONTROL NUMARASI IDENTIFIER
Denetim Alanı MIRAKIL
005 - SON İŞLEM TARİHİ VE ZAMANI
Denetim Alanı 20181213155232.0
008 - SABİT-BOY VERİ ELEMANLARI - GENEL BİLGİLER
Sabit Uzunlukta Kontrol Alanı 170803b tu 000 0
020 ## - ULUSLARARASI STANDART KİTAP NUMARASI
Uluslararası Standart Kitap Numarası 9786056111808
040 ## - KATALOGLAMA KAYNAK
Orijinal Kataloglama Ajansı Milas
Kataloglama Dili tur
Metne Dönüştürmek Ajansı TR-AnCHP
041 ## - DİL KODU
Metin / Ses Parça Veya Ayrı Başlığın Dil Kodu tur
100 ## - ANA GİRİŞ - KİŞİSEL İSİM
Kişisel Ad Gümrükçü, Harun
245 ## - BAŞLIK TABLOSU
Başlık Vizesiz Avrupa'ya giden yol
Başlığın Kalan İnişler, çıkışlar, vurdumduymazlıklar ve bir hak arama kavgasının anatomisi
Sorumluluk Tablosu, Vb Harun Gümrükçü, Beyhan Aksoy
246 ## - UNVAN FORM VARYING
Başlık Doğru / Kısa Başlığı İnişler, çıkışlar, vurdumduymazlıklar ve bir hak arama kavgasının anatomisi
260 ## - YAYIN, DAĞITIM, VB
Yayın, Dağıtım, Vb Yeri Ankara
Yayıncı, Dağıtıcı, Vs Adı Vizesiz Avrupa Derneği
-- Vizesiz Avrupa Araştırma Grubu
-- USİDER
Yayın, Dağıtım, Vb Tarihi 2010
300 ## - FİZİKSEL TANIM
Kapsam 138 s.
490 ## - SERİSİ TABLOSU
Seri Beyanı Vizesiz Avrupa dizisi
Hacim / Ardışık Tanımı 3
500 ## - GENEL NOT
Genel Not GEÇİCİ KATALOG KAYDIDIR.
700 ## - KATMA GİRİŞ - KİŞİSEL İSİM
Kişisel Ad Aksoy, Beyhan
700 ## - KATMA GİRİŞ - KİŞİSEL İSİM
Kişisel Ad Gümrükçü, Harun
740 ## - KATMA GİRİŞ - KONTROLSUZ İLGİLİ / ANALİTİK BAŞLIK
Kontrol Edilmeyen / İlgili Analitik Başlıktaki İnişler, çıkışlar, vurdumduymazlıklar ve bir hak arama kavgasının anatomisi
942 ## - EKLENDİ GİRİŞ ELEMANLARI (KOHA)
Sınıflandırma Veya Raf Düzeni Kaynak
Koha Öğesi Türü Books
999 ## - SİSTEM KONTROL NUMARALARI (KOHA)
Koha Biblionumber 9035
Koha Biblioitemnumber 9035
Holdings
Kalıcı Konum Mevcut Konum Edinme Tarihi Edinim Kaynak Toplam Check-Out'Lar Barkod Tarih Son Görülme İtibaren Geçerli Fiyatlar Koha Öğesi Türü
CHP Kütüphanesi CHP Kütüphanesi 08/03/2017 Bağış   017170 08/03/2017 08/03/2017 Books